Hokusai : (Record no. 2244)
[ view plain ]
| 000 -LEADER | |
|---|---|
| fixed length control field | 00552nam a22001937a 4500 |
| 003 - CONTROL NUMBER IDENTIFIER | |
| control field | OSt |
| 005 - DATE AND TIME OF LATEST TRANSACTION | |
| control field | 20140310181727.0 |
| 008 - FIXED-LENGTH DATA ELEMENTS--GENERAL INFORMATION | |
| fixed length control field | 130308t xxu||||| |||| 00| 0 eng d |
| 020 ## - INTERNATIONAL STANDARD BOOK NUMBER | |
| International Standard Book Number | 0304318981 |
| 050 ## - LIBRARY OF CONGRESS CALL NUMBER | |
| Classification number | NE 1325.K3 |
| Item number | .M61989 |
| 082 ## - DEWEY DECIMAL CLASSIFICATION NUMBER | |
| Classification number | IB 769.924 |
| Item number | M83 1989 |
| 100 ## - MAIN ENTRY--PERSONAL NAME | |
| Personal name | Morse, Peter |
| 245 ## - TITLE STATEMENT | |
| Title | Hokusai : |
| Remainder of title | one hundred poets / |
| Statement of responsibility, etc | Peter Morse. |
| 260 ## - PUBLICATION, DISTRIBUTION, ETC. (IMPRINT) | |
| Name of publisher, distributor, etc | George Braziller, Inc., Publishers, |
| Date of publication, distribution, etc | 1989. |
| Place of publication, distribution, etc | New York : |
| 300 ## - PHYSICAL DESCRIPTION | |
| Extent | 222 p. : |
| Other physical details | ill. (some col.) ; |
| Dimensions | 25 cm. |
| 650 ## - SUBJECT ADDED ENTRY--TOPICAL TERM | |
| Topical term or geographic name as entry element | Hokusai, 1760-1849 |
| 942 ## - ADDED ENTRY ELEMENTS (KOHA) | |
| Source of classification or shelving scheme | Library of Congress Classification |
| Koha item type | Books |
| Withdrawn status | Lost status | Source of classification or shelving scheme | Damaged status | Home library | Current library | Shelving location | Date acquired | Total Checkouts | Full call number | Barcode | Date last seen | Copy number | Price effective from | Koha item type |
|---|---|---|---|---|---|---|---|---|---|---|---|---|---|---|
| Library of Congress Classification | Luxembourg Library | Luxembourg Library | International Baccalaureate Section | 03/08/2013 | NE 1325 .M884 1989 | 15878 | 04/14/2016 | 1 | 10/03/2013 | Books |